00884 2200313 4500001002100000005001500021035002500036007000300061008004100064020002200105040001700127082001200144084001200156245009000168250001100258260003500269300003200304650002700336700002200363850001200385090001600397090002200413504002500435999002200460990002200482990002200504990002200526990002200548INLIS00000000001712420200521093809 a0010-021600000000212ta160203s2014 yoi g ind d a978-602-7981-36-2 aYOPDYOGbind04223a306 a306 BAH00aBahasa, sastra, & seni sebagai jalan pemberadaban bangsa /ceditor, Suminto A. Sayuti aCet. 1 aYogyakarta :bUNY Press,c2014 axiii, 366 halaman ;c23 cm. 4aIndonesia--xPeradaban0 aSuminto A. Sayuti aYOPDYOG aDEP 306 BAH aCB-D.11 2014-1823 aTermasuk bibliografi aCB-D.11/2014-1823 aCB-D.11/2014-1823 aCB-D.11/2014-2066 aCB-D.11/2014-1823 aCB-D.11/2014-2066